000 00530nam a2200181Ia 4500
008 240925s9999 xx 000 0 und d
020 _a8170294746
082 _a005.133 OUA
100 _aOualline , Steve
245 0 _aWindows Programming With Borland C++: covers through version 4.0
250 _aNA
260 _aNew Delhi:
_bBPB Publication
_c,1994.
300 _axx,706p.
_bNA
_fOriginal
500 _aIncludes Index
600 _aComputer Science
650 _aComputer science, information & general works
942 _cBK
999 _c4026
_d4026